00367nam a2200109Ia 4500008004100000082001500041100001800056245007500074260002800149630001800177650006200195211109s9999||||xx |||||||||||||| ||und|| a920bWAL-C aWalton, Izaak 0aComplete Angler:The Lives of Donne Wotton Hooker Herbert and Sanderson bMacmillanaLondonc1906 xGeneral Stack aBiography, genealogy & insigniaxBiography- Autobiography